000 00470nam a22001571 4500
001 2639237
005 20250625120714.0
008 800124s1961 miub b 000 0 eng
050 0 0 _aBS579.K5
_bL6
082 0 0 _a220.92
100 1 _aLockyer, Herbert.
245 1 0 _aAll the kings and queens of the Bible;
_btragedies and triumphs of royalty in past ages.
260 _aGrand Rapids,
_bZondervan Pub. House
_c[1961]
300 _a253 p.
_bmaps.
_c24 cm.
942 _2lcc
_cBK
_n0
999 _c6678
_d6678